[Event "Vaujany 2019 Principal"]
[Site "?"]
[Date "2019.07.19"]
[Round "9.13"]
[White "Fodor, Balazs"]
[Black "Bressy, Theo"]
[Result "0-1"]
[WhiteElo "2154"]
[BlackElo "2182"]
[PlyCount "93"]

1. d4 g6 2. Nf3 Bg7 3. g3 b6 4. Bg2 Bb7 5. O-O Nf6 6. c4 O-O 7. Nc3 Ne4 8. Qc2
Nxc3 9. bxc3 d6 10. e4 e5 11. Be3 c5 12. d5 Nd7 13. Rae1 Bc8 14. Nd2 f5 15.
exf5 gxf5 16. f4 e4 17. g4 Nf6 18. g5 Ng4 19. h3 Nxe3 20. Rxe3 Qe8 21. Rfe1 Qg6
22. Nf1 Bd7 23. Ng3 a6 24. h4 h6 25. a4 Rab8 26. Bf1 b5 27. axb5 axb5 28. cxb5
Bxb5 29. Bxb5 Rxb5 30. Rb1 Rxb1+ 31. Qxb1 Qf7 32. Qd1 hxg5 33. hxg5 c4 34. Nh5
Qa7 35. Qd2 Qa1+ 36. Re1 Qxc3 37. Qxc3 Bxc3 38. Rc1 Bd4+ 39. Kf1 c3 40. Ke2 Kf7
41. Ng3 Kg6 42. Rh1 Bg7 43. Ke3 Rc8 44. Ne2 Rc5 45. Rd1 c2 46. Rh1 Rxd5 47. Nc1
0-1

[Event "Vaujany 2019 Principal"]
[Site "Vaujany"]
[Date "2019.07.19"]
[Round "9.14"]
[White "Valles, Manuel"]
[Black "Kaloczy, Kristof"]
[Result "1/2-1/2"]
[WhiteElo "2390"]
[BlackElo "2091"]
[PlyCount "78"]
[EventDate "2019.07.??"]
[EventRounds "9"]

1. d4 d5 2. Bf4 Nf6 3. e3 c6 4. c4 e6 5. Nc3 Be7 6. Nf3 O-O 7. Bd3 h6 8. O-O
Nbd7 9. c5 Ne8 10. Bg3 f5 11. b4 Nef6 12. Ne5 Nxe5 13. Bxe5 Bd7 14. a4 a6 15.
Qb3 Ne4 16. Nxe4 fxe4 17. Be2 Bf6 18. Bd6 Be7 19. Bg3 Bh4 20. Be5 Bf6 21. Bxf6
Rxf6 22. f3 exf3 23. Rxf3 Rxf3 24. Bxf3 Qg5 25. Re1 Rf8 26. e4 Qd2 27. Rd1 Qf4
28. Qd3 dxe4 29. Qxe4 Qxe4 30. Bxe4 Rf4 31. Bf3 Kf7 32. Kf2 Ke7 33. Ke3 e5 34.
g3 Rxd4 35. Rxd4 exd4+ 36. Kxd4 Kf6 37. b5 axb5 38. axb5 g5 39. b6 Bc8 1/2-1/2

[Event "Vaujany 2019 Principal"]
[Site "?"]
[Date "2019.07.19"]
[Round "9.22"]
[White "Trabet, Nicolas"]
[Black "Berta, Sandor"]
[Result "1-0"]
[WhiteElo "2162"]
[BlackElo "2091"]
[PlyCount "139"]

1. c4 g6 2. Nc3 Bg7 3. g3 d6 4. Bg2 e5 5. e3 Nc6 6. Rb1 Be6 7. d3 Qd7 8. b4
Nge7 9. Nd5 O-O 10. Ne2 Nc8 11. O-O Nd8 12. b5 c6 13. bxc6 bxc6 14. Ndc3 f5 15.
Qa4 Ne7 16. Bd2 Qc7 17. Rb3 Nb7 18. d4 Rfb8 19. Rfb1 Bd7 20. Qa3 Nd8 21. Nd1
Rxb3 22. axb3 Nb7 23. b4 Be6 24. Rc1 Qd7 25. Qa6 e4 26. Ndc3 Nd8 27. Nf4 Bf7
28. Bf1 g5 29. Ng2 Rb8 30. Qa3 Bf6 31. Ra1 Rb7 32. Ne1 Kg7 33. Nc2 Qe8 34. Qc1
Qg8 35. c5 dxc5 36. bxc5 h5 37. Rb1 Rxb1 38. Qxb1 Bb3 39. Na1 Bc4 40. Qb4 Bxf1
41. Kxf1 Nd5 42. Qa4 Nxc3 43. Bxc3 Qf7 44. Nb3 Qb7 45. Ke1 a6 46. Kd2 Qb5 47.
Qxb5 axb5 48. Ba5 Kf7 49. Bxd8 Bxd8 50. Kc3 Ke6 51. Kb4 Kd5 52. Nc1 Ke6 53. Ne2
Kd7 54. d5 Bf6 55. d6 Be5 56. h3 Ke6 57. Nc1 Kd7 58. Na2 f4 59. gxf4 gxf4 60.
Nc3 fxe3 61. fxe3 Bh2 62. Nxe4 Bg1 63. Nf6+ Ke6 64. Nxh5 Bxe3 65. Ng7+ Kd7 66.
h4 Bd2+ 67. Kb3 Be3 68. h5 Bxc5 69. Nf5 Ke6 70. h6 1-0